Statistiques concernant Grille de mots mini #9

Cliquez ici pour prendre le quiz!

Statistiques générales

  • Ce quiz a été pris 94 fois
  • Le résultat moyen est 21 sur 25

Statistiques - réponses

Place de la lettreRéponses% Correct
1 EE
98%
1 DT
98%
1 AF
97%
1 CI
96%
1 BR
96%
4 EA
82%
2 EN
82%
4 AN
82%
3 AA
81%
2 AR
81%
4 DR
81%
3 EC
80%
5 AC
80%
2 BO
80%
5 ES
80%
3 BS
80%
2 DA
79%
4 CE
79%
5 DE
79%
3 DI
79%
4 BI
79%
5 BE
78%
2 CM
78%
3 CP
78%
5 CR
78%

Distribution des résultats

Percentile par nombre de réponses

% des personnes avec chaque résultat

Votre développement - résultats

Vous n’avez pas pris ce quiz